| 000 | 00448nam a2200145 a 4500 | ||
|---|---|---|---|
| 005 | 20141022142001.0 | ||
| 008 | 101127s19uu xx 00 eng d | ||
| 050 |
_aDVD _bN21 2007 |
||
| 245 | _aThe Nature of workplace communication. | ||
| 260 |
_aAustralia : _bVideo Education Australia( VEA), _c2007. |
||
| 440 | _aCommunication in the workplace series | ||
| 650 | _aCommunication-Nature. | ||
| 650 | _aCommunication-Application. | ||
| 942 | _cAVM | ||
| 999 |
_c276291 _d276291 |
||